000 01139nas a2200385 4500
001 BR2011002205
003 BR-BrBNA
005 20231205114555.0
007 ta
008 230509b bl.|||p| |||| 00| 00por d
040 _aBR-BrBNA
_bpor
_cBiblioteca Nacional de Agricultura
041 _a(Pt)
072 _aL74
100 1 _aAraújo, V.L.
100 1 _aBrito, S.S.
100 1 _aNeiva, J.N.M.
100 1 _aBarreto, P.M.
100 1 _aFerreira, O.R.
100 1 _aLima, F.G.
100 1 _aRamos, A.T.
100 1 _aFioravanti, M.C.S.
100 1 _aMaruo, V.M.
100 1 _aFerreira, A.C.H.
245 1 _aInclusão de casca de pinhão-manso em dietas de ovinos: consumo voluntário e caracterização de quadro toxicológico
650 _aOVINO
650 _aPINHÃO
650 _aCASCA
650 _aDIETA
650 _aINTOXICAÇÃO
650 _aEXTRAÇÃO
650 _aÓLEO VEGETAL
773 0 _tArquivo Brasileiro de Medicina Veterinária e Zootecnia (Brazil)
_xISSN 0102-0935
_g(Oct 2010), v. 62(5) p. 1255-1258
_wBR2011002205
909 _a202311
_bLúcia
_c55
_dLúcia Elande
942 _2AGRIS
_n0
_cANA
999 _c209387
_d209387